Building research establishment current paper : the analysis of load distribution between rafters in a traditional timber roof structure : part 1 : building and validating a computer model (Record no. 81265)

MARC details
000 -LEADER
fixed length control field 00978nam a22002537a 4500
003 - CONTROL NUMBER IDENTIFIER
control field CBULib
005 - DATE AND TIME OF LATEST TRANSACTION
control field 20240813074152.0
008 - FIXED-LENGTH DATA ELEMENTS--GENERAL INFORMATION
fixed length control field 230817b |||||||| |||| 00| 0 eng d
040 ## - CATALOGING SOURCE
Original cataloging agency CBULib
Language of cataloging English
Transcribing agency CBULib
Description conventions rda
041 ## - LANGUAGE CODE
Language code of text/sound track or separate title eng
050 ## - LIBRARY OF CONGRESS CALL NUMBER
Classification number BRE(05)CP/2/82
100 ## - MAIN ENTRY--PERSONAL NAME
9 (RLIN) 624
Personal name Pierce, C.B.
110 ## - MAIN ENTRY--CORPORATE NAME
Corporate name or jurisdiction name as entry element Building Research Establishment (BRE)
9 (RLIN) 590
245 ## - TITLE STATEMENT
Title Building research establishment current paper : the analysis of load distribution between rafters in a traditional timber roof structure : part 1 : building and validating a computer model
Statement of responsibility, etc / by Building Research Establishment(BRE)
260 ## - PUBLICATION, DISTRIBUTION, ETC. (IMPRINT)
Name of publisher, distributor, etc Building Research Establishment,
Date of publication, distribution, etc [1982]
Place of publication, distribution, etc Aylesbury :
300 ## - PHYSICAL DESCRIPTION
Extent 31 pages : illustrations
336 ## - CONTENT TYPE
Source rdacontent
Content type term Text |
Content type code txt
337 ## - MEDIA TYPE
Source rdamedia
Media type term Unmediated |
Media type code n
338 ## - CARRIER TYPE
Source rdacarrier
Carrier type term Volume
Carrier type code nc
650 #0 - SUBJECT ADDED ENTRY--TOPICAL TERM
9 (RLIN) 625
Topical term or geographic name as entry element ROOFS--TESTING
650 #0 - SUBJECT ADDED ENTRY--TOPICAL TERM
9 (RLIN) 626
Topical term or geographic name as entry element ROOF--DESIGN AND CONSTRUCTION
700 ## - ADDED ENTRY--PERSONAL NAME
9 (RLIN) 627
Personal name Harrod, P.S.K.
942 ## - ADDED ENTRY ELEMENTS (KOHA)
Source of classification or shelving scheme
Koha item type INTERNATIONAL PUBLICATIONS
Holdings
Withdrawn status Lost status Source of classification or shelving scheme Damaged status Not for loan Collection code Permanent Location Current Location Shelving location Date acquired Source of acquisition Full call number Barcode Date last seen Copy number Price effective from Koha item type
          Special Collections CBU-MAIN LIBRARY, KITWE. CBU-MAIN LIBRARY, KITWE. Special Collections 08/17/2023 DEP-BRE BRE(05)CP/2/82 B81265 08/17/2023 1 08/17/2023 INTERNATIONAL PUBLICATIONS